| 000 -LEADER |
| fixed length control field |
00314cam a22001211 4500 |
| 008 - FIXED-LENGTH DATA ELEMENTS--GENERAL INFORMATION |
| fixed length control field |
720210s1961 nyua 000 0 eng |
| 082 ## - |
| Classification number |
338.4768114 |
| 100 1# - MAIN ENTRY--AUTHOR'S NAME |
| Author's Name |
Cahn, William, |
| Dates associated with a name |
1912- |
| 245 14 - TITLE STATEMENT |
| Title |
The story of Pitney-Bowes. |
| 250 ## - EDITION STATEMENT |
| Edition statement |
[1st ed.] |
| 260 ## - PUBLICATION, DISTRIBUTION, ETC. (IMPRINT) |
| Place of publication, distribution, etc. |
New York, |
| Name of publisher, distributor, etc. |
Harper |
| Date of publication, distribution, etc. |
[1961] |
| 650 #0 - TOPICAL TERM (Tag) |
| Topical term or geographic name |
Postal service |